| 000 | 00468nam a22001817a 4500 | ||
|---|---|---|---|
| 003 | MPLRDC | ||
| 005 | 20220104114248.0 | ||
| 008 | 210129b ||||| |||| 00| 0 eng d | ||
| 020 | _a962-447-100-2 | ||
| 082 | _a855 SWXL v.7 | ||
| 100 | _a郑世安、林竺霓著 | ||
| 245 |
_a你不是我最好的朋友 _c |
||
| 260 |
_a _b勤加缘出版社 _c1992 |
||
| 300 | _b平 | ||
| 490 | _a散文系列;7 | ||
| 650 | _a散文;随笔、日记 | ||
| 942 |
_cBK _o855 SWXL v.7 |
||
| 999 |
_c6114 _d6104 |
||